000 007890000a22002410004500
003 LK-CoMWRAF
005 20231120100909.0
008 230817t2001 ||||| |||| 00| 0 eng d
020 _a0674004779
040 _aLK-CoMWRAF
_dLK-CoMWRAF
_eLK-CoMWRAF
041 _aeng
082 _a297.2
_bMUS
245 _aThe Muslim Jesus :
_bsayings and stories in Islamic literature
260 _aLondon:
_bHarvard university press,
_c2001
300 _aviii, 245 p. ; 23 cm.
_bBibliography and index included
650 _aJesus Christ--Islamic interpretations
650 _aJesus Christ--In the Qurʼan
650 _a Islam--Relations--Christianity
650 _aChristianity and other religions--Islam
650 _aIslamic stories.
700 _aKhalidi, Tarif
_etrans.
_eed.
942 _cBK
999 _c2395
_d2395